Tour de France 2025 - Teamwertung - Statistiken

Allgemein
  • Dieses Quiz wurde 26 mal gespielt
  • Das Durchschnittsergebnis liegt bei 15 aus 23
Antwortstatistiken
# Team Zeit % Korrekt
1 Team Visma | Lease a bike 232:01:32h
100%
2 UAE Team Emirates XRG +24:26m
100%
3 Red Bull - Bora-Hansgrohe +1:24:47h
95%
14 Soudal Quick-Step +4:58:37h
77%
4 Arkéa-B&B Hotels +2:10:52h
73%
6 INEOS Grenadiers +3:22:52h
73%
7 Movistar Team +3:23:25h
73%
12 Uno-X Mobility +4:31:44h
73%
5 Decathlon AG2R La Mondiale +2:14:15h
68%
23 Intermarché-Wanty +11:40:42h
68%
21 Bahrain Victorious +8:37:55h
64%
11 Groupama-FDJ +3:51:08h
64%
20 Lidl-Trek +7:56:39h
64%
8 XDS Astana Team +3:23:59h
64%
10 EF Education-EasyPost +3:43:35h
59%
18 Israel - Premier Tech +7:23:42h
59%
17 Team Jayco AlUla +6:58:35h
59%
15 Tudor Pro Cycling Team +6:05:18h
59%
16 Alpecin-Deceuninck +6:12:33h
55%
13 TotalEnergies +4:42:35h
55%
22 Lotto +10:36:37h
50%
19 Cofidis +7:34:39h
45%
9 Team Picnic PostNL +3:26:06h
41%
Keine übereinstimmenden Quizze gefunden
Verteilung der Resultate
Anzahl Personen mit jedem Resultat
Perzentil nach korrekt beantworteten Fragen
Ihre Resultats-Entwicklung
Sie haben dieses Quiz noch nicht gespielt